Word Ladder: Whodunit Quiz Stats

Quiz Updated Mar 26, 2015

Also try: Word Ladder: Twist
Challenge
Share
Tweet
Embed
Score 0/24 Timer 03:00
1 Play Today
Hint 4-Letter Word % Correct
AdhesiveGLUE
98.1%
What a detective looks for after a crime◄CLUE►
98%
A fruit or a deep purple color◄PLUM►
94.7%
Banner used as a symbol for a nationFLAG
94.6%
Sullenly or silently gloomy; dejectedGLUM
92.6%
Pronged end for an outletPLUG
90.5%
Snaillike gastropod SLUG
89.3%
To boastBRAG
88.4%
Refuse from ore processingSLAG
86.3%
Document concerning property after deathWILL
84.9%
A small body of waterPOND
82.7%
To kill an enemy in a first person shooterFRAG
82.4%
Hint 4-Letter Word % Correct
To show the way◄LEAD►
79.3%
Temporarily grant the use of somethingLEND
78.7%
Pink Floyd album, with 'The'WALL
76.7%
An evergreenPINE
76.5%
A packable tobacco holder◄PIPE►
71.5%
Corn breadPONE
71.5%
A slender wire nailBRAD
70.2%
To remain undecided or unsettledPEND
70%
Clean by rubbing with a clothWIPE
69.1%
Deceitful, cunning trickWILE
67.9%
A drop of liquidBEAD
67.8%
Monty who hosted 'Let's Make a Deal'◄HALL►
65.1%

Today's Daily Dose

You're not logged in!

Compare scores with friends on all Sporcle quizzes.
Sign Up with Email
OR
Log In

You Might Also Like...

Show Comments

Extras

Top Quizzes Today


Score Distribution

Your Account Isn't Verified!

In order to create a playlist on Sporcle, you need to verify the email address you used during registration. Go to your Sporcle Settings to finish the process.